Ancient History - Tile Select - Statistics

General Stats
  • This quiz has been taken 20,817 times
  • The average score is 47 of 60
Answer Stats
Question Tile Select % Correct
Things that existed in the year 1 A.D. Airplanes No
99%
Things that existed in the year 1 A.D. The Panama Canal No
97%
Cities that existed in the year 1 A.D. Chicago No
96%
Things that existed in the year 1 A.D. The Great Pyramid Yes
95%
Cities that existed in the year 1 A.D. Havana No
94%
People born before 1 A.D. Louis XIV No
94%
People born before 1 A.D. Martin Luther No
94%
People born before 1 A.D. Queen Elizabeth I No
94%
Cities that existed in the year 1 A.D. Cape Town No
93%
Cities that existed in the year 1 A.D. Jerusalem Yes
93%
Things that existed in the year 1 A.D. Written language Yes
93%
Cities that existed in the year 1 A.D. Rome Yes
92%
Roman emperors David No
91%
Civilizations in the Middle East and Near East Ojibwe No
91%
Civilizations in the Middle East and Near East Saxons No
91%
Roman emperors Augustus Yes
89%
Civilizations in the Middle East and Near East Babylonians Yes
89%
Cities that existed in the year 1 A.D. Damascus Yes
89%
Things that existed in the year 1 A.D. Wheels Yes
89%
People born before 1 A.D. Charlemagne No
88%
Cities that existed in the year 1 A.D. Berlin No
87%
Things that existed in the year 1 A.D. Stonehenge Yes
87%
People born before 1 A.D. Tutankhamun Yes
86%
Civilizations in the Middle East and Near East Assyrians Yes
85%
Roman emperors Nero Yes
85%
People born before 1 A.D. Socrates Yes
84%
Roman emperors Seneca No
83%
Roman emperors Copernicus No
82%
People born before 1 A.D. Genghis Khan No
81%
Cities that existed in the year 1 A.D. Hong Kong No
81%
Civilizations in the Middle East and Near East Hussars No
81%
Roman emperors Tiberius Yes
80%
Civilizations in the Middle East and Near East Hessians No
79%
Civilizations in the Middle East and Near East Sumerians Yes
78%
Things that existed in the year 1 A.D. Woolly Mammoths No
78%
Roman emperors Constantine Yes
76%
Cities that existed in the year 1 A.D. Edinburgh No
76%
Things that existed in the year 1 A.D. Gunpowder No
76%
Civilizations in the Middle East and Near East Uyghurs No
76%
People born before 1 A.D. Muhammad No
75%
Roman emperors Pompey No
75%
People born before 1 A.D. Alexander the Great Yes
74%
Civilizations in the Middle East and Near East Phoenicians Yes
74%
Cities that existed in the year 1 A.D. Antioch Yes
73%
People born before 1 A.D. Cyrus the Great Yes
72%
Roman emperors Crassus No
69%
Cities that existed in the year 1 A.D. Beijing Yes
68%
Things that existed in the year 1 A.D. Buddhism Yes
67%
Roman emperors Cicero No
67%
People born before 1 A.D. Confucius Yes
67%
Civilizations in the Middle East and Near East Philistines Yes
66%
Civilizations in the Middle East and Near East Numidians No
64%
Things that existed in the year 1 A.D. Long division No
59%
Things that existed in the year 1 A.D. Thoroughbred horses No
59%
People born before 1 A.D. Zoroaster Yes
59%
Civilizations in the Middle East and Near East Hittites Yes
58%
Cities that existed in the year 1 A.D. Varanasi Yes
54%
Roman emperors Diocletian Yes
51%
Roman emperors Trajan Yes
51%
Things that existed in the year 1 A.D. Steel Yes
28%
No matching quizzes found
Score Distribution
Percent of People with Each Score
Percentile by Number Answered
Your Score History
You have not taken this quiz